000 01197cad a22002415a 4500
001 L145874
008 081119e20081118xxkado f 000 0 eng d
020 _a9781409805311
035 _a(Sirsi) u145874
041 0 _aeng
050 0 4 _a692.21 $2 18
110 2 _aChief Fire Officers' Association
_94943
245 0 0 _aDo you have paying guests?
_h[electronic resource]
260 _aLondon
_bDCLG
_c2008
505 2 _aYour responsibilities under the law -- Fire safety risk assessment, the five key steps -- Checklist -- An example risk assessment form -- Questions and answers -- Advice and information
520 _aGuidance from the Chief Fire Officers' Association (CFOA) offers specific advice to businesses in the hospitality industry struggling to understand the new rules. Encourages compliance by offering advice, further sources of information and checklists to ensure compliance.
521 _aAdvanced
590 _aKA
651 4 _aEngland and Wales
_y1543-
690 _aMANAGEMENT-HEALTH AND SAFETY-FIRE SAFETY
856 4 8 _uhttps://www.communities.gov.uk/documents/fire/pdf/payingguests.pdf
_zView the item free of charge online at www.communities.gov.uk...
942 _n0
999 _c108955
_d108955